Canterbury Christ Church (Record no. 195042)

000 -LEADER
fixed length control field 00497 a2200157 4500
003 - CONTROL NUMBER IDENTIFIER
control field Nust
005 - DATE AND TIME OF LATEST TRANSACTION
control field 20170207154215.0
040 ## - CATALOGING SOURCE
Transcribing agency Nust
082 ## - DEWEY DECIMAL CLASSIFICATION NUMBER
Classification number 378.4
245 ## - TITLE STATEMENT
Title Canterbury Christ Church
Remainder of title Canterbury Christ Church Uni College
260 ## - PUBLICATION, DISTRIBUTION, ETC.
Place of publication, distribution, etc. Canterbuty
Name of publisher, distributor, etc. Canterbury Christ Church Uni College
Date of publication, distribution, etc. 2001
300 ## - PHYSICAL DESCRIPTION
Extent 204 p.
505 ## - FORMATTED CONTENTS NOTE
Formatted contents note The Canterbury Campus (page-4) Undergraduate Programmes (page-27) General Information (page-188)
538 ## - SYSTEM DETAILS NOTE
System details note Almirah No. 117 Shelf No. 2
650 ## - SUBJECT ADDED ENTRY--TOPICAL TERM
Topical term or geographic name entry element UG Prospectus
942 ## - ADDED ENTRY ELEMENTS (KOHA)
Koha item type bound volumes
Holdings
Withdrawn status Lost status Source of classification or shelving scheme Damaged status Not for loan Collection code Permanent Location Current Location Date acquired Total Checkouts Full call number Barcode Date last seen Price effective from Koha item type
            Military College of Signals (MCS) Military College of Signals (MCS) 12/12/2016   378.4 CAN MCSPS-53 12/08/2016 12/12/2016 Book
© 2023 Central Library, National University of Sciences and Technology. All Rights Reserved.